Trilogi Natasya, Julia & Cinta Madinah

Bibliographic Details
Main Author: Abu Hassan Morad
Format: Book
Published: Kuala Lumpur : Utusan Publications & Distributors Sdn Bhd , 2005
Subjects:

MARC

LEADER 00000cam a2200000 7i4500
001 0000011487
005 20080115.0
008 071113
020 |a 9676117633 
090 0 0 |a ABU   |b MAL 
100 0 |a Abu Hassan Morad 
245 1 0 |a Trilogi Natasya, Julia & Cinta Madinah   |c Abu Hassan Morad 
260 |a Kuala Lumpur :   |b Utusan Publications & Distributors Sdn Bhd ,   |c 2005 
650 0 |a Malay fiction 
650 0 |a Novel 
999 |a 0000935202   |b Book   |c Adult Collection   |e Cawangan Tangkak 
999 |a 0000935203   |b Book   |c Adult Collection   |e Cawangan Tangkak 
999 |a 0000940165   |b Book   |c Adult Collection   |e Cawangan Taman Sri Lambak 
999 |a 0000940166   |b Book   |c Adult Collection   |e Cawangan Taman Sri Lambak 
999 |a 0001000971   |b Book   |c Adult Collection   |e Perbadanan Perpustakaan Awam Johor 
999 |a 0001000973   |b Book   |c Adult Collection   |e Perbadanan Perpustakaan Awam Johor 
999 |a 0001001807   |b Book   |c Adult Collection   |e Cawangan Segamat